00202nam a22000977a 4500003000400000082001600004100002100020245002200041260003300063300000800096SGT a823.92bKIP aKIPLING RUDYARD  aTHE JUNGLE BOOKS  aENGLAND bPENGUIN PUB c1994 a326